000
00287nam a22001217a 4500
008
171228b xxu||||| |||| 00| 0 eng d
041
_a
eng
080
_a
7
100
_a
44
101
_a
ART
245
_a
CANTERBURY PHOTOGRAPHY ARNO GASTEIGER INTRODUCTION
_c
TEMPLE.P
942
_2
udc
_c
BK
999
_c
39569
_d
39569